Realism and International Politics : (Record no. 617161)

MARC details
000 -LEADER
fixed length control field 00500nam a2200193 a 4500
008 - FIXED-LENGTH DATA ELEMENTS--GENERAL INFORMATION
fixed length control field 260307s2008##################000#0#eng##
020 ## - INTERNATIONAL STANDARD BOOK NUMBER
ISBN 9780415954778
082 04 - DEWEY DECIMAL CLASSIFICATION NUMBER
Classification number 327.101
Item number WAL
100 1# - MAIN ENTRY--AUTHOR NAME
Personal name Waltz, Kenneth Neal,
245 10 - TITLE STATEMENT
Title Realism and International Politics :
260 ## - PUBLICATION, DISTRIBUTION, ETC. (IMPRINT)
Year of publication 2008.
300 ## - PHYSICAL DESCRIPTION
Number of Pages 361 pages
650 #0 - SUBJECT ADDED ENTRY--TOPICAL TERM
Topical Term Political Science.
942 ## - ADDED ENTRY ELEMENTS (KOHA)
Koha item type English Books
Holdings
Withdrawn status Lost status Damaged status Not for loan Home library Current library Shelving location Date acquired Full call number Accession Number Price effective from Koha item type
        Anna Centenary Library Anna Centenary Library 3RD FLOOR, B WING 07.03.2026 327.101 WAL 180076 07.03.2026 English Books

Find us on the map